| 000 | 00525nam a2200145 a 4500 | ||
|---|---|---|---|
| 008 | 120416s0000 ||||||||||||||||| || u | ||
| 020 | _a8123901623 | ||
| 050 | _aTA 174 Mah | ||
| 100 | _aMahadevan, K | ||
| 245 | 1 | 0 | _aDesign data handbook for mechanical engineers |
| 260 |
_aNew Delhi _bCBS Publishers & Distributors _c1987 |
||
| 300 | _axiii, 453p. : ill. | ||
| 350 | _a0.00 | ||
| 995 |
_D0.00 _FCBU-MAIN LIBRARY (Kitwe) _H1 _I90.00 _M1 _UDAMAGED _ZMain Library Open Access Collection |
||
| 999 |
_c39677 _d39677 |
||